000
00277nam a22001217a 4500
008
180228b xxu||||| |||| 00| 0 eng d
041
_a
eng
080
_a
004
100
_a
30
101
_a
shk
245
_a
linear programing and network flows
_c
john.j.j
942
_2
udc
_c
BK
999
_c
43715
_d
43715